Paroles : Da ya think I'm sexy ? - Rod Stewart - Statistiques

Statistiques générales
  • Ce quiz a été pris 13 fois
    12 depuis la dernière actualisation
  • Le résultat moyen est 188 sur 341
Statistiques - réponses
Paroles % Correct
a
100%
an
100%
i
100%
i'm
100%
sexy
100%
think
100%
you
100%
you,
100%
and
89%
me
89%
on
89%
want
89%
body
78%
if
78%
my
78%
the
78%
to
78%
come
67%
he
67%
is
67%
know
67%
really
67%
really,
67%
She
67%
so
67%
so !
67%
are
56%
but
56%
don't
56%
her
56%
let
56%
tell
56%
that
56%
touch
56%
we
56%
alone
44%
heart
44%
he's
44%
his
44%
hold
44%
honey
44%
it's
44%
just
44%
like
44%
need
44%
now
44%
out
44%
what
44%
all
33%
can
33%
dry
33%
for
33%
lips
33%
questions
33%
sugar
33%
they
33%
this
33%
waiting
33%
we're
33%
answer
22%
avoiding
22%
baby
22%
cause
22%
exactly
22%
further
22%
girl
22%
go
22%
let's
22%
looking
22%
minute
22%
much
22%
nervous
22%
never
22%
night
22%
outside
22%
reach
22%
says
22%
sits
22%
sorry
22%
spend
22%
suggestions
22%
thinking
22%
together
22%
acting
11%
ain't
11%
apartment
11%
at
11%
beating
11%
before
11%
birds
11%
cab
11%
catch
11%
coffee
11%
cold
11%
complaining
11%
dime
11%
down
11%
drum
11%
each
11%
early
11%
gently
11%
give
11%
got
11%
heart's
11%
high
11%
home
11%
last
11%
meant
11%
milk
11%
mind
11%
misty
11%
mother
11%
movies
11%
of
11%
other
11%
phone
11%
pounding
11%
raining
11%
relax
11%
rise
11%
shy
11%
singing
11%
strangers
11%
they're
11%
total
11%
two
11%
wake
11%
watch
11%
neither
0%
one's
0%
Aucun quiz correspondant
Distribution des résultats
% des personnes avec chaque résultat
Percentile par nombre de réponses
Votre historique - résultats
Vous n’avez pas pris ce quiz depuis la dernière actualisation